<?xml version="1.0" encoding="UTF-8"?>
<record
    xmlns:xsi="http://www.w3.org/2001/XMLSchema-instance"
    xsi:schemaLocation="http://www.loc.gov/MARC21/slim http://www.loc.gov/standards/marcxml/schema/MARC21slim.xsd"
    xmlns="http://www.loc.gov/MARC21/slim">

  <leader>00950nam a2200241 a 4500</leader>
  <controlfield tag="001">47388</controlfield>
  <controlfield tag="003">BD-RjUL</controlfield>
  <controlfield tag="005">20211209054315.0</controlfield>
  <controlfield tag="008">160808s1973    beg||||| |||| 00| 0 eng d</controlfield>
  <datafield tag="020" ind1=" " ind2=" ">
    <subfield code="c">: Tk.18.00</subfield>
  </datafield>
  <datafield tag="035" ind1=" " ind2=" ">
    <subfield code="a">(BD-RjUL)47507</subfield>
  </datafield>
  <datafield tag="040" ind1=" " ind2=" ">
    <subfield code="a">BD-RjUL</subfield>
    <subfield code="b">ben</subfield>
    <subfield code="c">BD-RjUL</subfield>
  </datafield>
  <datafield tag="041" ind1=" " ind2=" ">
    <subfield code="a">ben</subfield>
  </datafield>
  <datafield tag="082" ind1=" " ind2=" ">
    <subfield code="2">23</subfield>
    <subfield code="a">338.91</subfield>
    <subfield code="b">SHA 1973</subfield>
  </datafield>
  <datafield tag="100" ind1="1" ind2=" ">
    <subfield code="a">&#x9B8;&#x9C1;&#x9AE;&#x9CD;&#x9AA;&#x9BF;&#x99F;&#x9BE;&#x9B0;, &#x99C;&#x9CB;&#x9B8;&#x9C7;&#x9AB; &#x98F;.</subfield>
    <subfield code="9">144151</subfield>
  </datafield>
  <datafield tag="245" ind1="1" ind2=" ">
    <subfield code="a">&#x985;&#x9B0;&#x9CD;&#x9A5;&#x9A8;&#x9C8;&#x9A4;&#x9BF;&#x995; &#x989;&#x9A8;&#x9CD;&#x9A8;&#x9AF;&#x9BC;&#x9A8; &#x9AE;&#x9A4;&#x9AC;&#x9BE;&#x9A6; /</subfield>
    <subfield code="c">&#x99C;&#x9CB;&#x9B8;&#x9C7;&#x9AB; &#x98F;.&#x9B8;&#x9C1;&#x9AE;&#x9CD;&#x9AA;&#x9BF;&#x99F;&#x9BE;&#x9B0; ; &#x9A4;&#x9CB;&#x9AB;&#x9BE;&#x99C;&#x9CD;&#x99C;&#x9B2; &#x9B9;&#x9CB;&#x9B8;&#x9C7;&#x9A8;</subfield>
  </datafield>
  <datafield tag="260" ind1=" " ind2=" ">
    <subfield code="a">&#x9A2;&#x9BE;&#x995;&#x9BE;</subfield>
    <subfield code="b">&#x9AC;&#x9BE;&#x982;&#x9B2;&#x9BE; &#x98F;&#x995;&#x9BE;&#x9A1;&#x9C7;&#x9AE;&#x9C0;</subfield>
    <subfield code="c">&#x9E7;&#x9EF;&#x9ED;&#x9E9;.</subfield>
  </datafield>
  <datafield tag="300" ind1=" " ind2=" ">
    <subfield code="a">&#x9E9;&#x9E7;&#x9EA;&#x9AA;&#x9C3; </subfield>
    <subfield code="c">&#x9E8;&#x9E7; &#x9B8;&#x9C7;&#x9AE;&#x9BF;</subfield>
  </datafield>
  <datafield tag="650" ind1=" " ind2=" ">
    <subfield code="a">&#x985;&#x9B0;&#x9CD;&#x9A5;&#x9A8;&#x9C8;&#x9A4;&#x9BF;&#x995; &#x989;&#x9A8;&#x9CD;&#x9A8;&#x9AF;&#x9BC;&#x9A8; </subfield>
    <subfield code="v">&#x9AE;&#x9A4;&#x9AC;&#x9BE;&#x9A6;</subfield>
    <subfield code="9">144152</subfield>
  </datafield>
  <datafield tag="650" ind1=" " ind2=" ">
    <subfield code="a">Economic development </subfield>
    <subfield code="v">theory</subfield>
    <subfield code="9">144153</subfield>
  </datafield>
  <datafield tag="700" ind1=" " ind2=" ">
    <subfield code="a">&#x9B9;&#x9CB;&#x9B8;&#x9C7;&#x9A8;,&#x9A4;&#x9CB;&#x9AB;&#x9BE;&#x99C;&#x9CD;&#x99C;&#x9B2;</subfield>
    <subfield code="9">144154</subfield>
  </datafield>
  <datafield tag="942" ind1=" " ind2=" ">
    <subfield code="2">ddc</subfield>
    <subfield code="c">BK</subfield>
  </datafield>
  <datafield tag="999" ind1=" " ind2=" ">
    <subfield code="c">47388</subfield>
    <subfield code="d">47388</subfield>
  </datafield>
  <datafield tag="952" ind1=" " ind2=" ">
    <subfield code="0">0</subfield>
    <subfield code="1">0</subfield>
    <subfield code="2">ddc</subfield>
    <subfield code="4">0</subfield>
    <subfield code="7">0</subfield>
    <subfield code="8">NFIC</subfield>
    <subfield code="a">RUCL</subfield>
    <subfield code="b">RUCL</subfield>
    <subfield code="c">Stack</subfield>
    <subfield code="d">1975-01-25</subfield>
    <subfield code="e">Bangla Academy,</subfield>
    <subfield code="g">18.00</subfield>
    <subfield code="l">0</subfield>
    <subfield code="o">B 338.91 SHA 1973</subfield>
    <subfield code="r">2016-08-08 00:00:00</subfield>
    <subfield code="t">C-2</subfield>
    <subfield code="w">2021-12-09</subfield>
    <subfield code="y">BK</subfield>
  </datafield>
  <datafield tag="952" ind1=" " ind2=" ">
    <subfield code="0">0</subfield>
    <subfield code="1">0</subfield>
    <subfield code="2">ddc</subfield>
    <subfield code="4">0</subfield>
    <subfield code="7">0</subfield>
    <subfield code="8">NFIC</subfield>
    <subfield code="a">RUCL</subfield>
    <subfield code="b">RUCL</subfield>
    <subfield code="c">Stack</subfield>
    <subfield code="d">1982-06-17</subfield>
    <subfield code="e">Aligor Library</subfield>
    <subfield code="g">18.00</subfield>
    <subfield code="l">0</subfield>
    <subfield code="o">B 338.91 SHA 1973</subfield>
    <subfield code="r">2016-08-08 00:00:00</subfield>
    <subfield code="t">C-3</subfield>
    <subfield code="w">2021-12-09</subfield>
    <subfield code="y">BK</subfield>
  </datafield>
  <datafield tag="952" ind1=" " ind2=" ">
    <subfield code="0">0</subfield>
    <subfield code="1">0</subfield>
    <subfield code="2">ddc</subfield>
    <subfield code="4">0</subfield>
    <subfield code="7">0</subfield>
    <subfield code="8">NFIC</subfield>
    <subfield code="a">RUCL</subfield>
    <subfield code="b">RUCL</subfield>
    <subfield code="c">Stack</subfield>
    <subfield code="d">1982-06-17</subfield>
    <subfield code="e">Bangla academy</subfield>
    <subfield code="g">18.00</subfield>
    <subfield code="l">0</subfield>
    <subfield code="o">B 338.91 SHA 1973</subfield>
    <subfield code="r">2016-08-08 00:00:00</subfield>
    <subfield code="t">C-4</subfield>
    <subfield code="w">2021-12-09</subfield>
    <subfield code="y">BK</subfield>
  </datafield>
  <datafield tag="952" ind1=" " ind2=" ">
    <subfield code="0">0</subfield>
    <subfield code="1">0</subfield>
    <subfield code="2">ddc</subfield>
    <subfield code="4">0</subfield>
    <subfield code="7">0</subfield>
    <subfield code="8">NFIC</subfield>
    <subfield code="a">RUCL</subfield>
    <subfield code="b">RUCL</subfield>
    <subfield code="c">Stack</subfield>
    <subfield code="d">1975-01-25</subfield>
    <subfield code="e">Bangla academy</subfield>
    <subfield code="g">18.00</subfield>
    <subfield code="l">0</subfield>
    <subfield code="o">B 338.91 SHA 1973</subfield>
    <subfield code="r">2016-08-08 00:00:00</subfield>
    <subfield code="t">C-5</subfield>
    <subfield code="w">2021-12-09</subfield>
    <subfield code="y">BK</subfield>
  </datafield>
  <datafield tag="952" ind1=" " ind2=" ">
    <subfield code="0">0</subfield>
    <subfield code="1">0</subfield>
    <subfield code="2">ddc</subfield>
    <subfield code="4">0</subfield>
    <subfield code="7">0</subfield>
    <subfield code="8">NFIC</subfield>
    <subfield code="a">RUCL</subfield>
    <subfield code="b">RUCL</subfield>
    <subfield code="c">Stack</subfield>
    <subfield code="d">1975-01-25</subfield>
    <subfield code="e">Bangla academy</subfield>
    <subfield code="g">18.00</subfield>
    <subfield code="l">1</subfield>
    <subfield code="o">B 338.91 SHA 1973</subfield>
    <subfield code="r">2019-05-02 00:00:00</subfield>
    <subfield code="s">2019-04-18</subfield>
    <subfield code="t">C-6</subfield>
    <subfield code="w">2021-12-09</subfield>
    <subfield code="y">BK</subfield>
  </datafield>
  <datafield tag="952" ind1=" " ind2=" ">
    <subfield code="0">0</subfield>
    <subfield code="1">0</subfield>
    <subfield code="2">ddc</subfield>
    <subfield code="4">0</subfield>
    <subfield code="7">0</subfield>
    <subfield code="8">NFIC</subfield>
    <subfield code="a">RUCL</subfield>
    <subfield code="b">RUCL</subfield>
    <subfield code="c">Stack</subfield>
    <subfield code="d">1975-01-25</subfield>
    <subfield code="e">Bangla academy</subfield>
    <subfield code="g">18.00</subfield>
    <subfield code="l">0</subfield>
    <subfield code="o">B 338.91 SHA 1973</subfield>
    <subfield code="r">2016-08-08 00:00:00</subfield>
    <subfield code="t">C-7</subfield>
    <subfield code="w">2021-12-09</subfield>
    <subfield code="y">BK</subfield>
  </datafield>
  <datafield tag="952" ind1=" " ind2=" ">
    <subfield code="0">0</subfield>
    <subfield code="1">0</subfield>
    <subfield code="2">ddc</subfield>
    <subfield code="4">0</subfield>
    <subfield code="7">0</subfield>
    <subfield code="8">NFIC</subfield>
    <subfield code="a">RUCL</subfield>
    <subfield code="b">RUCL</subfield>
    <subfield code="c">Stack</subfield>
    <subfield code="d">1982-06-17</subfield>
    <subfield code="e">Aligor Library</subfield>
    <subfield code="g">18.00</subfield>
    <subfield code="l">0</subfield>
    <subfield code="o">B 338.91 SHA 1973</subfield>
    <subfield code="r">2016-08-08 00:00:00</subfield>
    <subfield code="t">C-8</subfield>
    <subfield code="w">2021-12-09</subfield>
    <subfield code="y">BK</subfield>
  </datafield>
  <datafield tag="952" ind1=" " ind2=" ">
    <subfield code="0">0</subfield>
    <subfield code="1">0</subfield>
    <subfield code="2">ddc</subfield>
    <subfield code="4">0</subfield>
    <subfield code="7">0</subfield>
    <subfield code="8">NFIC</subfield>
    <subfield code="a">RUCL</subfield>
    <subfield code="b">RUCL</subfield>
    <subfield code="c">Stack</subfield>
    <subfield code="d">1975-01-25</subfield>
    <subfield code="e">Bangla Academy, Dhaka</subfield>
    <subfield code="g">18.00</subfield>
    <subfield code="l">0</subfield>
    <subfield code="o">B 338.91 SHA 1973</subfield>
    <subfield code="r">2016-09-19 00:00:00</subfield>
    <subfield code="t">C-9</subfield>
    <subfield code="w">2016-09-19</subfield>
    <subfield code="y">BK</subfield>
  </datafield>
  <datafield tag="952" ind1=" " ind2=" ">
    <subfield code="0">0</subfield>
    <subfield code="1">0</subfield>
    <subfield code="2">ddc</subfield>
    <subfield code="4">0</subfield>
    <subfield code="7">1</subfield>
    <subfield code="8">NFIC</subfield>
    <subfield code="a">RUCL</subfield>
    <subfield code="b">RUCL</subfield>
    <subfield code="c">Reading</subfield>
    <subfield code="d">1975-01-25</subfield>
    <subfield code="e">Bangla Academy, Dhaka.</subfield>
    <subfield code="g">18.00</subfield>
    <subfield code="l">0</subfield>
    <subfield code="o">B 338.91 SHA 1973</subfield>
    <subfield code="r">2016-12-24 00:00:00</subfield>
    <subfield code="t">C-1</subfield>
    <subfield code="w">2016-12-24</subfield>
    <subfield code="y">BK</subfield>
  </datafield>
  <datafield tag="952" ind1=" " ind2=" ">
    <subfield code="0">0</subfield>
    <subfield code="1">0</subfield>
    <subfield code="2">ddc</subfield>
    <subfield code="4">0</subfield>
    <subfield code="7">0</subfield>
    <subfield code="8">NFIC</subfield>
    <subfield code="a">RUCL</subfield>
    <subfield code="b">RUCL</subfield>
    <subfield code="c">Stack</subfield>
    <subfield code="d">1975-01-25</subfield>
    <subfield code="e">Bangla Academy, Dhaka</subfield>
    <subfield code="g">18.00</subfield>
    <subfield code="l">0</subfield>
    <subfield code="o">B 338.91 SHA 1973</subfield>
    <subfield code="r">2017-01-30 00:00:00</subfield>
    <subfield code="t">C-10</subfield>
    <subfield code="w">2017-01-30</subfield>
    <subfield code="y">BK</subfield>
  </datafield>
</record>
